[Event "4NCL 2021-22"]
[Site "England"]
[Date "2022.03.27"]
[Round "6.61"]
[White "Young, Daniel J"]
[Black "Snape, Ian L"]
[Result "1-0"]
[WhiteElo "1938"]
[BlackElo "2169"]
[Annotator "NA"]
[PlyCount "136"]
[EventDate "2021.11.27"]
[EventType "team-tourn"]
[EventCountry "ENG"]
[SourceTitle "playchess.com"]
[Source "ChessBase"]
[SourceQuality "1"]
[TimeControl "40/6000+30:3000+30"]

1. e4 {[%emt 0:00:03]} c5 {[%emt 0:00:07]} 2. Nf3 {[%emt 0:00:15]} d6 {[%emt 0:00:05]} 3. d4 {[%emt 0:00:11]} cxd4 {[%emt 0:00:12]} 4. Nxd4 {[%emt 0:00:08]} Nf6 {[%emt 0:00:04]} 5. Nc3 {[%emt 0:00:15]} g6 {[%emt 0:00:06]} 6. Be3 {[%emt 0:00:09]} Bg7 {[%emt 0:00:04]} 7. f3 {[%emt 0:00:08]} O-O {[%emt 0:00:07]} 8. Qd2 {[%emt 0:00:07]} Nc6 {[%emt 0:00:04]} 9. O-O-O {[%emt 0:00:08]} d5 {[%emt 0:00:10]} 10. exd5 {[%emt 0:01:52]} Nxd5 {[%emt 0:00:08]} 11. Nxc6 {[%emt 0:00:09]} bxc6 {[%emt 0:00:03]} 12. Bd4 {[%emt 0:00:11]} Bxd4 {[%emt 0:00:04]} 13. Qxd4 {[%emt 0:00:24]} Qb6 {[%emt 0:00:02]} 14. Na4 {[%emt 0:06:24]} Qa5 {[%emt 0:03:33]} 15. Nc5 {[%emt 0:30:22]} e5 {[%emt 0:20:39]} 16. Nb3 {[%emt 0:09:26]} Qxa2 {[%emt 0:07:27]} 17. Qxe5 {[%emt 0:03:25]} Bf5 {[%emt 0:01:39]} 18. Bd3 {[%emt 0:08:10]} Rfe8 {[%emt 0:03:57]} 19. Qd4 {[%emt 0:09:26]} Bxd3 {[%emt 0:06:22]} 20. Rxd3 {[%emt 0:04:46]} Nb6 {[%emt 0:25:43]} 21. Kd2 {[%emt 0:16:07]} Qa4 {[%emt 0:00:00]} 22. Qxa4 {[%emt 0:02:53]} Nxa4 {[%emt 0:00:00]} 23. Ra1 {[%emt 0:04:09]} Nxb2 {[%emt 0:01:36]} 24. Rd4 {[%emt 0:02:37]} Red8 {[%emt 0:00:21]} 25. Kc3 {[%emt 0:01:43]} Rxd4 {[%emt 0:00:19]} 26. Nxd4 {[%emt 0:01:09]} c5 {[%emt 0:00:43]} 27. Nc6 {[%emt 0:00:22]} Re8 {[%emt 0:05:39]} 28. Kxb2 {[%emt 0:00:24]} Re2 {[%emt 0:00:03]} 29. Rg1 {[%emt 0:01:07]} a6 {[%emt 0:00:09]} 30. Kc3 {[%emt 0:01:18]} f5 {[%emt 0:00:24]} 31. Kd3 {[%emt 0:00:40]} Re6 {[%emt 0:00:27]} 32. Na5 {[%emt 0:00:33]} Rd6+ {[%emt 0:00:58]} 33. Kc3 {[%emt 0:00:25]} Re6 {[%emt 0:00:15]} 34. Kc4 {[%emt 0:01:19]} Re2 {[%emt 0:00:54]} 35. c3 {[%emt 0:00:26]} Ra2 {[%emt 0:01:07]} 36. Nb3 {[%emt 0:00:26]} Kf7 {[%emt 0:01:20]} 37. Kxc5 {[%emt 0:00:42]} a5 {[%emt 0:00:32]} 38. Nd4 {[%emt 0:02:12]} Rb2 {[%emt 0:01:06]} 39. Ra1 {[%emt 0:03:23]} Rxg2 {[%emt 0:00:06]} 40. Rxa5 {[%emt 0:00:17]} Rxh2 {[%emt 0:00:04]} 41. Kd6 {[%emt 0:52:00]} h5 {[%emt 0:50:15]} 42. c4 {[%emt 0:00:00]} Kf6 {[%emt 0:00:00]} 43. c5 {[%emt 0:00:00]} Rd2 {[%emt 0:00:00]} 44. Kd5 {[%emt 0:00:00]} h4 {[%emt 0:00:00]} 45. Ra6+ {[%emt 0:00:00]} Kg5 {[%emt 0:00:00]} 46. c6 {[%emt 0:00:00]} h3 {[%emt 0:00:00]} 47. c7 {[%emt 0:00:00]} h2 {[%emt 0:00:00]} 48. c8=Q {[%emt 0:00:22]} h1=Q {[%emt 0:00:00]} 49. Rxg6+ {[%emt 0:00:00]} Kf4 {[%emt 0:00:00]} 50. Qxf5+ {[%emt 0:00:00]} Ke3 {[%emt 0:00:00]} 51. Qe4+ {[%emt 0:00:00]} Kf2 {[%emt 0:00:00]} 52. f4 {[%emt 0:00:00]} Qh3 {[%emt 0:00:00]} 53. f5 {[%emt 0:00:00]} Qb3+ {[%emt 0:00:00]} 54. Ke5 {[%emt 0:00:00]} Qb8+ {[%emt 0:00:00]} 55. Rd6 {[%emt 0:00:00]} Qh8+ {[%emt 0:00:00]} 56. f6 {[%emt 0:00:04]} Qe8+ {[%emt 0:00:00]} 57. Kf4 {[%emt 0:00:49]} Qb8 {[%emt 0:00:00]} 58. Qe3+ {[%emt 0:03:03]} Kf1 {[%emt 0:00:00]} 59. Qh3+ {[%emt 0:00:51]} Kf2 {[%emt 0:00:00]} 60. Qe3+ {[%emt 0:02:24]} Kf1 {[%emt 0:00:00]} 61. Qe5 {[%emt 0:01:54]} Qc7 {[%emt 0:00:00]} 62. Qd5 {[%emt 0:01:07]} Qh7 {[%emt 0:00:00]} 63. Qc4+ {[%emt 0:00:17]} Kg2 {[%emt 0:00:00]} 64. Qc6+ {[%emt 0:00:19]} Kf2 {[%emt 0:00:00]} 65. Qf3+ {[%emt 0:00:25]} Kg1 {[%emt 0:00:00]} 66. Ne2+ {[%emt 0:00:45]} Rxe2 {[%emt 0:00:00]} 67. Qxe2 {[%emt 0:00:31]} Qh6+ {[%emt 0:00:00]} 68. Kf5 {[%emt 0:00:36]} Qh7+ {[%emt 0:00:00]} 1-0

[Event "4NCL 2021-22"]
[Site "England"]
[Date "2022.03.27"]
[Round "6.62"]
[White "Ahluwalia, Amardip"]
[Black "Skettos, Nicolas"]
[Result "1/2-1/2"]
[WhiteElo "2230"]
[BlackElo "1940"]
[Annotator "ChessBase"]
[PlyCount "68"]
[EventDate "2021.11.27"]
[EventType "team-tourn"]
[EventCountry "ENG"]
[SourceTitle "playchess.com"]
[Source "ChessBase"]
[SourceQuality "1"]
[TimeControl "40/6000+30:3000+30"]

1. c4 {[%emt 0:00:07]} e5 {[%emt 0:00:01]} 2. g3 {[%emt 0:00:46]} d6 {[%emt 0:05:05]} 3. Bg2 {[%emt 0:01:09]} f5 {[%emt 0:00:25]} 4. Nc3 {[%emt 0:01:20]} Nf6 {[%emt 0:00:09]} 5. d3 {[%emt 0:02:09]} Be7 {[%emt 0:00:17]} 6. e3 {[%emt 0:00:54]} O-O {[%emt 0:00:06]} 7. Nge2 {[%emt 0:01:39]} c6 {[%emt 0:01:43]} 8. Rb1 {[%emt 0:03:54]} a5 {[%emt 0:05:04]} 9. a3 {[%emt 0:02:47]} Na6 {[%emt 0:03:54]} 10. O-O {[%emt 0:03:55]} Qe8 {[%emt 0:02:17]} 11. d4 {[%emt 0:07:06]} Qh5 {[%emt 0:03:46]} 12. f4 {[%emt 0:18:55]} e4 {[%emt 0:00:29]} 13. Bd2 {[%emt 0:06:06]} h6 {[%emt 0:02:19]} 14. Nc1 {[%emt 0:04:42]} Qf7 {[%emt 0:00:45]} 15. b3 {[%emt 0:02:06]} g5 {[%emt 0:02:09]} 16. N1e2 {[%emt 0:05:38]} g4 {[%emt 0:10:02]} 17. Re1 {[%emt 0:04:40]} h5 {[%emt 0:02:21]} 18. Na4 {[%emt 0:06:49]} Bd8 {[%emt 0:01:24]} 19. Nec3 {[%emt 0:01:40]} h4 {[%emt 0:03:21]} 20. Kf2 {[%emt 0:02:56]} Kg7 {[%emt 0:02:32]} 21. Qc2 {[%emt 0:04:51]} Rh8 {[%emt 0:00:42]} 22. Rh1 {[%emt 0:02:05]} Bd7 {[%emt 0:01:12]} 23. Ne2 {[%emt 0:02:35]} Rc8 {[%emt 0:00:29]} 24. Rhe1 {[%emt 0:02:50]} Bc7 {[%emt 0:02:02]} 25. Rbc1 {[%emt 0:02:04]} Rh5 {[%emt 0:05:10]} 26. Qb1 {[%emt 0:01:13]} Rch8 {[%emt 0:00:48]} 27. Qa1 {[%emt 0:01:45]} Bd8 {[%emt 0:01:10]} 28. Qb1 {[%emt 0:01:32]} Kg6 {[%emt 0:00:48]} 29. Nb2 {[%emt 0:01:29]} R5h6 {[%emt 0:02:54]} 30. Na4 {[%emt 0:00:45]} Nh5 {[%emt 0:04:02]} 31. Rcd1 {[%emt 0:04:04]} Qh7 {[%emt 0:03:42]} 32. Nac3 {[%emt 0:00:58]} Nf6 {[%emt 0:01:09]} 33. Na4 {[%emt 0:01:22]} b6 {[%emt 0:02:05]} 34. Rc1 {[%emt 0:00:45]} Qe7 {[%emt 0:04:23]} 1/2-1/2

[Event "4NCL 2021-22"]
[Site "England"]
[Date "2022.03.27"]
[Round "6.63"]
[White "Bansal, Rohan"]
[Black "Duggan, John E"]
[Result "0-1"]
[WhiteElo "1971"]
[BlackElo "2085"]
[Annotator "NA"]
[PlyCount "100"]
[EventDate "2021.11.27"]
[EventType "team-tourn"]
[EventCountry "ENG"]
[SourceTitle "playchess.com"]
[Source "ChessBase"]
[SourceQuality "1"]
[TimeControl "40/6000+30:3000+30"]

1. c4 {[%emt 0:03:45]} Nf6 {[%emt 0:01:43]} 2. Nc3 {[%emt 0:01:11]} e5 {[%emt 0:02:27]} 3. g3 {[%emt 0:00:09]} Nc6 {[%emt 0:02:17]} 4. Bg2 {[%emt 0:00:17]} b6 {[%emt 0:02:24]} 5. Nf3 {[%emt 0:06:05]} Rb8 {[%emt 0:05:23]} 6. O-O {[%emt 0:09:02]} Bb7 {[%emt 0:06:51]} 7. d3 {[%emt 0:04:41]} Be7 {[%emt 0:05:32]} 8. a3 {[%emt 0:01:01]} a5 {[%emt 0:01:37]} 9. Nd5 {[%emt 0:10:17]} O-O {[%emt 0:06:02]} 10. e4 {[%emt 0:33:19]} Ne8 {[%emt 0:08:58]} 11. b3 {[%emt 0:07:13]} Bc8 {[%emt 0:10:10]} 12. d4 {[%emt 0:13:03]} exd4 {[%emt 0:10:19]} 13. Nxe7+ {[%emt 0:01:29]} Qxe7 {[%emt 0:02:13]} 14. Nxd4 {[%emt 0:01:44]} Nxd4 {[%emt 0:04:02]} 15. Qxd4 {[%emt 0:00:48]} d6 {[%emt 0:02:52]} 16. Bb2 {[%emt 0:00:25]} Bb7 {[%emt 0:09:17]} 17. Rfe1 {[%emt 0:01:57]} Qf6 {[%emt 0:04:13]} 18. e5 {[%emt 0:09:11]} dxe5 {[%emt 0:01:37]} 19. Qxe5 {[%emt 0:00:22]} Qxe5 {[%emt 0:02:19]} 20. Bxe5 {[%emt 0:00:51]} Bxg2 {[%emt 0:00:17]} 21. Kxg2 {[%emt 0:00:05]} f6 {[%emt 0:00:25]} 22. Bc3 {[%emt 0:01:00]} Nd6 {[%emt 0:01:15]} 23. Rad1 {[%emt 0:01:20]} Rfe8 {[%emt 0:01:18]} 24. Rxe8+ {[%emt 0:01:45]} Rxe8 {[%emt 0:00:35]} 25. Kf1 {[%emt 0:00:22]} Kf7 {[%emt 0:01:59]} 26. a4 {[%emt 0:00:30]} Ne4 {[%emt 0:03:00]} 27. Be1 {[%emt 0:00:26]} Ke6 {[%emt 0:03:20]} 28. b4 {[%emt 0:01:01]} axb4 {[%emt 0:00:58]} 29. Bxb4 {[%emt 0:00:10]} c5 {[%emt 0:03:25]} 30. Re1 {[%emt 0:01:17]} Kd7 {[%emt 0:00:07]} 31. Rd1+ {[%emt 0:00:31]} Kc6 {[%emt 0:00:25]} 32. Be1 {[%emt 0:00:13]} Nd6 {[%emt 0:00:06]} 33. a5 {[%emt 0:00:04]} bxa5 {[%emt 0:00:19]} 34. Bxa5 {[%emt 0:00:03]} Nxc4 {[%emt 0:00:08]} 35. Bc3 {[%emt 0:00:21]} Re7 {[%emt 0:01:14]} 36. Rb1 {[%emt 0:01:11]} Nb6 {[%emt 0:03:10]} 37. Rc1 {[%emt 0:01:03]} Na4 {[%emt 0:01:29]} 38. Bd2 {[%emt 0:00:15]} Kb5 {[%emt 0:00:21]} 39. Rb1+ {[%emt 0:00:43]} Kc4 {[%emt 0:00:21]} 40. Rc1+ {[%emt 0:00:28]} Kb3 {[%emt 0:00:41]} 41. Be3 {[%emt 0:50:25]} c4 {[%emt 0:50:22]} 42. Ke2 {[%emt 0:00:50]} c3 {[%emt 0:01:25]} 43. Ra1 {[%emt 0:00:00]} c2 {[%emt 0:00:00]} 44. Kd3 {[%emt 0:00:00]} Nb2+ {[%emt 0:00:00]} 45. Kd4 {[%emt 0:00:00]} Rd7+ {[%emt 0:00:00]} 46. Ke4 {[%emt 0:00:00]} Na4 {[%emt 0:00:00]} 47. Kf5 {[%emt 0:00:00]} Rd6 {[%emt 0:00:00]} 48. Bf4 {[%emt 0:00:00]} g6+ {[%emt 0:00:00]} 49. Ke4 {[%emt 0:00:00]} Rd1 {[%emt 0:00:00]} 50. Bc1 {[%emt 0:00:00]} Nc3+ {[%emt 0:04:04]} 0-1

[Event "4NCL 2021-22"]
[Site "England"]
[Date "2022.03.27"]
[Round "6.64"]
[White "Agrawal, Shivam"]
[Black "Merriman, James"]
[Result "0-1"]
[WhiteElo "1726"]
[BlackElo "1861"]
[Annotator "NA"]
[PlyCount "100"]
[EventDate "2021.11.27"]
[EventType "team-tourn"]
[EventCountry "ENG"]
[SourceTitle "playchess.com"]
[Source "ChessBase"]
[SourceQuality "1"]
[TimeControl "40/6000+30:3000+30"]

1. d4 {[%emt 0:00:02]} Nf6 {[%emt 0:01:31]} 2. c4 {[%emt 0:00:12]} e6 {[%emt 0:00:07]} 3. Nf3 {[%emt 0:00:12]} c5 {[%emt 0:00:04]} 4. d5 {[%emt 0:00:11]} d6 {[%emt 0:00:22]} 5. Nc3 {[%emt 0:00:28]} exd5 {[%emt 0:00:03]} 6. cxd5 {[%emt 0:00:37]} g6 {[%emt 0:00:28]} 7. e4 {[%emt 0:02:01]} a6 {[%emt 0:01:17]} 8. a4 {[%emt 0:00:20]} Bg4 {[%emt 0:00:02]} 9. Be2 {[%emt 0:07:52]} Bg7 {[%emt 0:00:21]} 10. O-O {[%emt 0:03:08]} O-O {[%emt 0:01:56]} 11. Re1 {[%emt 0:11:07]} Re8 {[%emt 0:01:13]} 12. h3 {[%emt 0:02:12]} Bxf3 {[%emt 0:00:06]} 13. Bxf3 {[%emt 0:00:14]} Nbd7 {[%emt 0:00:09]} 14. g3 {[%emt 0:01:17]} Rb8 {[%emt 0:01:24]} 15. Bf4 {[%emt 0:06:54]} Ne5 {[%emt 0:02:08]} 16. Bxe5 {[%emt 0:00:44]} Rxe5 {[%emt 0:00:11]} 17. Bg2 {[%emt 0:02:43]} Re7 {[%emt 0:09:44]} 18. Qd3 {[%emt 0:07:54]} Nd7 {[%emt 0:02:42]} 19. a5 {[%emt 0:16:42]} Ne5 {[%emt 0:00:56]} 20. Qb1 {[%emt 0:06:45]} c4 {[%emt 0:08:19]} 21. Rd1 {[%emt 0:06:33]} b5 {[%emt 0:03:45]} 22. axb6 {[%emt 0:05:15]} Qxb6 {[%emt 0:00:25]} 23. Qa2 {[%emt 0:02:08]} Nd3 {[%emt 0:12:07]} 24. Rd2 {[%emt 0:03:02]} Nxb2 {[%emt 0:06:02]} 25. Rc2 {[%emt 0:01:57]} Qb3 {[%emt 0:02:01]} 26. Qb1 {[%emt 0:05:10]} Bxc3 {[%emt 0:01:13]} 27. Rxa6 {[%emt 0:00:13]} Nd3 {[%emt 0:00:55]} 28. Qa2 {[%emt 0:03:14]} Qxa2 {[%emt 0:00:47]} 29. Raxa2 {[%emt 0:00:25]} Nb4 {[%emt 0:00:43]} 30. Rxc3 {[%emt 0:00:14]} Nxa2 {[%emt 0:00:04]} 31. Rxc4 {[%emt 0:00:18]} Nb4 {[%emt 0:00:19]} 32. f4 {[%emt 0:01:01]} f6 {[%emt 0:00:58]} 33. Kf2 {[%emt 0:00:31]} Nd3+ {[%emt 0:00:12]} 34. Ke3 {[%emt 0:00:27]} Nc5 {[%emt 0:00:05]} 35. Kd4 {[%emt 0:00:27]} Rb3 {[%emt 0:00:58]} 36. Rxc5 {[%emt 0:00:54]} dxc5+ {[%emt 0:00:00]} 37. Kxc5 {[%emt 0:00:17]} Rxg3 {[%emt 0:00:00]} 38. Kd6 {[%emt 0:00:10]} Kf8 {[%emt 0:00:00]} 39. e5 {[%emt 0:00:38]} fxe5 {[%emt 0:00:06]} 40. fxe5 {[%emt 0:00:12]} Rxg2 {[%emt 0:00:04]} 41. e6 {[%emt 0:50:16]} Re2 {[%emt 0:50:06]} 42. h4 {[%emt 0:00:15]} Re4 {[%emt 0:00:11]} 43. Kc5 {[%emt 0:00:35]} R7xe6 {[%emt 0:00:05]} 44. dxe6 {[%emt 0:00:50]} Rxe6 {[%emt 0:00:05]} 45. Kd5 {[%emt 0:00:16]} Kf7 {[%emt 0:00:09]} 46. Kd4 {[%emt 0:00:12]} h6 {[%emt 0:00:05]} 47. Kd5 {[%emt 0:00:11]} g5 {[%emt 0:00:04]} 48. h5 {[%emt 0:00:15]} g4 {[%emt 0:00:03]} 49. Kd4 {[%emt 0:00:11]} g3 {[%emt 0:00:04]} 50. Kd5 {[%emt 0:00:13]} g2 {[%emt 0:00:04]} 0-1

[Event "4NCL 2021-22"]
[Site "England"]
[Date "2022.03.27"]
[Round "6.65"]
[White "Modi, Shyam Jagdish"]
[Black "Sarakauskas, Gediminas"]
[Result "0-1"]
[WhiteElo "2128"]
[BlackElo "2423"]
[Annotator "NA"]
[PlyCount "74"]
[EventDate "2021.11.27"]
[EventType "team-tourn"]
[EventCountry "ENG"]
[SourceTitle "playchess.com"]
[Source "ChessBase"]
[SourceQuality "1"]
[TimeControl "40/6000+30:3000+30"]

1. d4 {[%emt 0:00:05]} d5 {[%emt 0:00:03]} 2. c4 {[%emt 0:00:16]} c6 {[%emt 0:00:04]} 3. Nf3 {[%emt 0:00:57]} Nf6 {[%emt 0:00:05]} 4. Qb3 {[%emt 0:00:19]} dxc4 {[%emt 0:10:53]} 5. Qxc4 {[%emt 0:00:12]} Bf5 {[%emt 0:00:04]} 6. g3 {[%emt 0:00:25]} e6 {[%emt 0:00:05]} 7. Bg2 {[%emt 0:00:33]} Be7 {[%emt 0:00:12]} 8. O-O {[%emt 0:00:42]} O-O {[%emt 0:00:05]} 9. Nc3 {[%emt 0:00:47]} Nbd7 {[%emt 0:02:29]} 10. Re1 {[%emt 0:02:02]} Ne4 {[%emt 0:00:50]} 11. Bf4 {[%emt 0:03:45]} h6 {[%emt 0:17:56]} 12. Qb3 {[%emt 0:07:52]} Qb6 {[%emt 0:00:56]} 13. Nh4 {[%emt 0:17:48]} Bxh4 {[%emt 0:01:07]} (13... Qxd4 $2 14. Nxe4 Bxe4 15. Red1 $18) 14. gxh4 {[%emt 0:06:42]} Nxc3 {[%emt 0:10:07]} 15. bxc3 {[%emt 0:06:22]} e5 {[%emt 0:06:23]} 16. dxe5 {[%emt 0:04:12]} Rfe8 {[%emt 0:02:44]} 17. Be3 {[%emt 0:24:40]} Qxb3 {[%emt 0:09:31]} 18. axb3 {[%emt 0:00:01]} Nxe5 $11 {[%emt 0:01:00]} 19. Bxa7 {[%emt 0:11:46]} Ng6 {[%emt 0:00:14]} 20. Bd4 {[%emt 0:03:07]} Rxa1 {[%emt 0:02:41]} 21. Rxa1 {[%emt 0:00:07]} Rxe2 {[%emt 0:00:07]} 22. h3 {[%emt 0:07:41]} Nxh4 {[%emt 0:02:05]} 23. Ra8+ {[%emt 0:00:35]} Kh7 {[%emt 0:00:02]} 24. Ra7 {[%emt 0:19:09]} Bc8 {[%emt 0:18:10]} 25. Ra8 {[%emt 0:00:00]} Be6 {[%emt 0:00:16]} 26. Rb8 {[%emt 0:00:00]} Re1+ {[%emt 0:02:05]} 27. Kh2 {[%emt 0:00:00]} Nxg2 {[%emt 0:00:11]} 28. Kxg2 {[%emt 0:00:00]} Bxb3 {[%emt 0:01:33]} 29. Kh2 {[%emt 0:00:00]} b5 {[%emt 0:03:03]} 30. Rd8 {[%emt 0:00:00]} Bd5 {[%emt 0:00:12]} 31. Rd6 {[%emt 0:00:00]} g5 {[%emt 0:01:32]} 32. h4 {[%emt 0:00:00]} Rh1+ {[%emt 0:03:47]} 33. Kg3 {[%emt 0:00:00]} Rxh4 {[%emt 0:00:11]} 34. Rf6 {[%emt 0:00:00]} b4 {[%emt 0:00:49]} 35. Be5 {[%emt 0:00:00]} Re4 {[%emt 0:02:01]} 36. f4 {[%emt 0:00:00]} b3 {[%emt 0:01:06]} 37. c4 {[%emt 0:00:00]} gxf4+ {[%emt 0:02:51]} 0-1

[Event "4NCL 2021-22"]
[Site "England"]
[Date "2022.03.27"]
[Round "6.66"]
[White "Wall, Gavin"]
[Black "Williams, Samuel G"]
[Result "1/2-1/2"]
[WhiteElo "2312"]
[BlackElo "2239"]
[Annotator "ChessBase"]
[PlyCount "31"]
[EventDate "2021.11.27"]
[EventType "team-tourn"]
[EventCountry "ENG"]
[SourceTitle "playchess.com"]
[Source "ChessBase"]
[SourceQuality "1"]
[TimeControl "40/6000+30:3000+30"]

1. e4 {[%emt 0:00:02]} e5 {[%emt 0:02:22]} 2. Nf3 {[%emt 0:00:09]} Nf6 {[%emt 0:00:09]} 3. d3 {[%emt 0:00:57]} Nc6 {[%emt 0:00:36]} 4. Be2 {[%emt 0:00:47]} d5 {[%emt 0:01:08]} 5. exd5 {[%emt 0:00:22]} Nxd5 {[%emt 0:00:34]} 6. O-O {[%emt 0:00:06]} Be6 {[%emt 0:03:41]} 7. Re1 {[%emt 0:02:33]} Qd7 {[%emt 0:05:37]} 8. a3 {[%emt 0:11:29]} a5 {[%emt 0:04:11]} 9. Bf1 {[%emt 0:03:20]} Bd6 {[%emt 0:11:33]} 10. Nbd2 {[%emt 0:05:54]} f6 {[%emt 0:08:30]} 11. Ne4 {[%emt 0:07:41]} Be7 {[%emt 0:08:18]} 12. d4 {[%emt 0:04:20]} exd4 {[%emt 0:16:15]} 13. Nxd4 {[%emt 0:00:17]} Nxd4 {[%emt 0:04:23]} 14. Qxd4 {[%emt 0:00:09]} Qc6 {[%emt 0:03:55]} 15. Bc4 {[%emt 0:07:40]} Rd8 {[%emt 0:01:42]} 16. Bxd5 {[%emt 0:07:12]} 1/2-1/2

[Event "4NCL 2021-22"]
[Site "England"]
[Date "2022.03.27"]
[Round "6.67"]
[White "Birtwistle, Nigel"]
[Black "Delaney, Killian"]
[Result "1/2-1/2"]
[WhiteElo "2110"]
[BlackElo "2292"]
[Annotator "NA"]
[PlyCount "92"]
[EventDate "2021.11.27"]
[EventType "team-tourn"]
[EventCountry "ENG"]
[SourceTitle "playchess.com"]
[Source "ChessBase"]
[SourceQuality "1"]
[TimeControl "40/6000+30:3000+30"]

1. e4 {[%emt 0:00:03]} c6 {[%emt 0:00:11]} 2. Nf3 {[%emt 0:00:29]} d5 {[%emt 0:00:09]} 3. Nc3 {[%emt 0:00:32]} dxe4 {[%emt 0:00:13]} 4. Nxe4 {[%emt 0:00:14]} Nf6 {[%emt 0:00:06]} 5. Qe2 {[%emt 0:00:33]} Nxe4 {[%emt 0:00:10]} 6. Qxe4 {[%emt 0:00:08]} Nd7 {[%emt 0:00:08]} 7. Bc4 {[%emt 0:02:06]} Nf6 {[%emt 0:00:11]} 8. Ne5 {[%emt 0:02:07]} e6 {[%emt 0:00:07]} 9. Qe2 {[%emt 0:01:38]} b5 {[%emt 0:00:13]} 10. Bd3 {[%emt 0:02:24]} Qd5 {[%emt 0:09:13]} 11. O-O {[%emt 0:18:31]} Bd6 {[%emt 0:01:28]} 12. f4 {[%emt 0:20:31]} O-O {[%emt 0:20:35]} 13. Kh1 {[%emt 0:04:35]} Bb7 {[%emt 0:07:15]} 14. b3 {[%emt 0:04:18]} Bc5 {[%emt 0:13:53]} 15. Rb1 {[%emt 0:05:36]} a6 {[%emt 0:01:22]} 16. Bb2 {[%emt 0:11:23]} Bd4 {[%emt 0:04:10]} 17. Ba3 {[%emt 0:03:56]} Bc5 {[%emt 0:01:19]} 18. Bb2 {[%emt 0:00:13]} Rad8 {[%emt 0:06:37]} 19. Rbd1 {[%emt 0:02:09]} Bd4 {[%emt 0:02:11]} 20. Ba3 {[%emt 0:02:15]} Rfe8 {[%emt 0:03:08]} 21. Bb4 {[%emt 0:07:37]} Bc5 {[%emt 0:23:32]} 22. Ba5 {[%emt 0:00:33]} Ra8 {[%emt 0:00:19]} 23. Bc3 {[%emt 0:00:48]} Bd4 {[%emt 0:00:42]} 24. Nf3 {[%emt 0:04:33]} Bxc3 {[%emt 0:00:30]} 25. dxc3 {[%emt 0:00:07]} Qh5 {[%emt 0:01:28]} 26. c4 {[%emt 0:02:29]} b4 {[%emt 0:00:25]} 27. Qe5 {[%emt 0:00:57]} c5 {[%emt 0:01:15]} 28. Qxh5 {[%emt 0:00:56]} Nxh5 {[%emt 0:00:03]} 29. Ne5 {[%emt 0:00:27]} Rad8 {[%emt 0:01:19]} 30. Be2 {[%emt 0:01:13]} Rxd1 {[%emt 0:02:37]} 31. Bxd1 {[%emt 0:00:15]} Nf6 {[%emt 0:00:10]} 32. Nd3 {[%emt 0:00:43]} Rc8 {[%emt 0:00:22]} 33. Bf3 {[%emt 0:01:16]} Bxf3 {[%emt 0:00:57]} 34. Rxf3 {[%emt 0:00:37]} Ne4 {[%emt 0:00:42]} 35. Re3 {[%emt 0:01:11]} f5 {[%emt 0:00:13]} 36. Re1 {[%emt 0:01:11]} Kf7 {[%emt 0:01:04]} 37. Ra1 {[%emt 0:01:21]} Kf6 {[%emt 0:06:12]} 38. a3 {[%emt 0:01:43]} bxa3 {[%emt 0:00:25]} 39. Rxa3 {[%emt 0:00:32]} Rc6 {[%emt 0:00:05]} 40. g3 {[%emt 0:01:06]} g5 {[%emt 0:00:32]} 41. Kg2 {[%emt 0:51:07]} g4 {[%emt 0:50:42]} 42. Ra5 {[%emt 0:04:41]} h5 {[%emt 0:00:45]} 43. Ne5 {[%emt 0:01:41]} Rd6 {[%emt 0:00:13]} 44. Nd3 {[%emt 0:00:08]} Rc6 {[%emt 0:00:23]} 45. Ne5 {[%emt 0:00:27]} Rd6 {[%emt 0:00:18]} 46. Nd3 {[%emt 0:00:11]} Rc6 {[%emt 0:00:32]} 1/2-1/2

[Event "4NCL 2021-22"]
[Site "England"]
[Date "2022.03.27"]
[Round "6.68"]
[White "Murray, David"]
[Black "Varnam, Liam D"]
[Result "0-1"]
[WhiteElo "2108"]
[BlackElo "2207"]
[Annotator "ChessBase"]
[PlyCount "58"]
[EventDate "2021.11.27"]
[EventType "team-tourn"]
[EventCountry "ENG"]
[SourceTitle "playchess.com"]
[Source "ChessBase"]
[SourceQuality "1"]
[TimeControl "40/6000+30:3000+30"]

1. e4 {[%emt 0:00:03]} c5 {[%emt 0:20:59]} 2. Nf3 {[%emt 0:00:14]} Nc6 {[%emt 0:00:13]} 3. Bb5 {[%emt 0:01:11]} g6 {[%emt 0:00:35]} 4. O-O {[%emt 0:01:12]} Bg7 {[%emt 0:00:12]} 5. Bxc6 {[%emt 0:02:03]} dxc6 {[%emt 0:00:14]} 6. h3 {[%emt 0:00:47]} e5 {[%emt 0:04:11]} 7. d3 {[%emt 0:01:22]} Ne7 {[%emt 0:00:49]} 8. Be3 {[%emt 0:02:03]} b6 {[%emt 0:00:39]} 9. a4 {[%emt 0:02:51]} a5 {[%emt 0:01:34]} 10. Nbd2 {[%emt 0:02:18]} O-O {[%emt 0:05:29]} 11. Nc4 {[%emt 0:02:02]} f6 {[%emt 0:01:16]} 12. Nh2 {[%emt 0:03:51]} f5 {[%emt 0:24:35]} 13. Nf3 {[%emt 0:04:58]} Qc7 {[%emt 0:00:40]} 14. Bd2 {[%emt 0:04:17]} Be6 {[%emt 0:08:47]} 15. b3 {[%emt 0:05:16]} fxe4 {[%emt 0:03:39]} 16. Ng5 {[%emt 0:05:04]} Bxc4 {[%emt 0:02:33]} 17. bxc4 {[%emt 0:07:13]} exd3 {[%emt 0:22:28]} 18. Ne6 {[%emt 0:01:03]} Qd6 {[%emt 0:00:30]} 19. Nxf8 {[%emt 0:00:30]} Rxf8 {[%emt 0:00:30]} 20. Bg5 {[%emt 0:00:30]} e4 {[%emt 0:00:30]} 21. Ra3 {[%emt 0:00:30]} h6 {[%emt 0:00:30]} 22. Bxe7 {[%emt 0:00:30]} Qxe7 {[%emt 0:00:30]} 23. cxd3 {[%emt 0:00:30]} e3 {[%emt 0:00:30]} 24. Qe2 {[%emt 0:00:30]} Bd4 {[%emt 0:00:30]} 25. fxe3 {[%emt 0:00:30]} Qxe3+ {[%emt 0:00:30]} 26. Qxe3 {[%emt 0:00:30]} Bxe3+ {[%emt 0:00:30]} 27. Kh2 {[%emt 0:00:30]} Rxf1 {[%emt 0:00:30]} 28. Rb3 {[%emt 0:00:30]} Bf4+ {[%emt 0:00:30]} 29. g3 {[%emt 0:00:30]} Bc7 {[%emt 0:00:30]} 0-1